The rising tide
Guardat en:
| Autor principal: | |
|---|---|
| Format: | Llibre |
| Idioma: | anglès |
| Publicat: |
San Diego
The Union-Tribune
1967
|
| Edició: | 1a. ed |
| Col·lecció: | The History of San Diego, 6
|
| Matèries: | |
| Etiquetes: |
Afegir etiqueta
Sense etiquetes, Sigues el primer a etiquetar aquest registre!
|
MARC
| LEADER | 00000nam a2200000 a 4500 | ||
|---|---|---|---|
| 001 | UCG6641 | ||
| 003 | CL-VaPUC | ||
| 008 | 110509e19670000us |||||||||||||||||eng|d | ||
| 082 | 0 | 4 | |a 979.4052 |b POU |2 21 |
| 100 | 0 | |a Pourade, Richard F |e author |9 556955 | |
| 245 | 1 | 4 | |a The rising tide |
| 250 | |a 1a. ed | ||
| 300 | |a 267 p | ||
| 942 | |c BK | ||
| 945 | |d 20110509 00:00:00 |a jcampos | ||
| 260 | |a San Diego |b The Union-Tribune |c 1967 | ||
| 650 | 7 | |a HISTORIA DE ESTADOS UNIDOS SIGLO 20 |2 CL-VaPUC |9 340477 | |
| 650 | 7 | |a HISTORIA DE CALIFORNIA |2 CL-VaPUC |9 556956 | |
| 650 | 0 | |a Desarrollo económico y social |9 256320 | |
| 651 | 7 | |a CALIFORNIA |2 CL-VaPUC |9 264797 | |
| 651 | 7 | |a SAN DIEGO |2 CL-VaPUC |9 538087 | |
| 651 | 0 | |a Estados Unidos |9 255178 | |
| 583 | |a last modification |c 20160913 09:53:49 |k Rodrigo Vera | ||
| 490 | 0 | |a The History of San Diego, 6 | |
| 999 | |c 344798 |d 344796 | ||
| 952 | |0 0 |1 0 |4 0 |6 979_405200000000000_POU_1967 |7 0 |8 X |9 442996 |a FDOBUD |b FDOBUD |d 2019-11-22 |i 4566300 |o 979.4052 POU 1967 |p 4566300 |r 2019-11-22 |w 2019-11-22 |y BK_X |k BUD | ||